000 00317nam a22001337a 4500
008 170621b xxu||||| |||| 00| 0 eng d
020 _a9780804729611
041 _aeng
080 _a329
100 _a20
101 _aSHP
245 _aSTRONG PARTIES AND LAME DUCKS PRESIDENTIAL
_cCOPPEDGE.M
942 _2udc
_cBK
999 _c18461
_d18461